000 03139nam a2200421 i 4500
001 193569
003 SpMaBN
005 20250711063120.0
007 ta
008 130320s2011 sp a | |||| 001 0 spa
017 _aAS 4099-2011
_bOficina Depósito Legal Asturias
020 _a9788489521179
035 _a(OCoLC)864136544
040 _aSpMaBN
_bspa
_cSpMaBN
_erdc
080 _a929 Jovellanos, Gaspar Melchor de
245 0 0 _aJovellanos, el valor de la razón (1811-2011) /
_cedición de Ignacio Fernández Sarasola, Elena de Lorenzo Álvarez, Joaquín Ocampo Suárez-Valdés, Álvaro Ruiz de la Peña Solar
250 _aPrimera edición: diciembre de 2011
260 _aGijón :
_bInstituto Feijoo de Estudios del Siglo XVIII :
_bTrea,
_c2011
300 _a943 páginas :
_bilustraciones,
_c24 cm
336 _aTexto (visual)
_2isbdcontent
337 _asin mediación
_2isbdmedia
338 _2rdacarrier
_avolumen
500 _aÍndice onomástico
520 _aLos temas variadísimos y el entrecruzamiento constante de las líneas de investigación de esta cincuentena de reflexiones que ahora se publican con motivo del bicentenario de la muerte de Jovellanos confirman la riqueza en la diversidad y el rigor en la exploración de los gestos, de los ademanes, de los que hablaba Francisco Ayala; en definitiva, de la mirada múltiple y cómplice que observa al personaje estudiado. La variedad temática de estos estudios da precisa medida de la actividad intelectual, diversa y abierta, de Jovellanos a lo largo de su vida, desde los aspectos biográficos a los asuntos vinculados con su dedicación a la justicia, a la ciencia económica o a la literatura, así como a la construcción de su imagen desde la posteridad y la recepción de su pensamiento. Censor, filólogo, lector, economista, decidido interventor en política cultural… son perfiles que complementan en estas páginas la imagen más habitual del escritor, el magistrado, el historiador, el educador o el político, y que superan las añejas calificaciones del «patricio», del «prócer» o del «polígrafo», en una efeméride que ha vuelto a poner de manifiesto la atracción que desde múltiples disciplinas y enfoques sigue ejerciendo la figura de quien fue quizá el principal de los ilustrados españoles.
600 1 0 _aJovellanos, Gaspar Melchor de,
_d1744-1811
_9222580
700 1 _aFernández Sarasola, Ignacio
_epbl
_950084
700 1 _aLorenzo Álvarez, Elena de,
_d1971-
_epbl
_974173
700 1 _aOcampo Suárez-Valdés, Joaquín,
_d1952-
_epbl
_9234874
700 1 _aRuiz de la Peña, Álvaro
_epbl
_9100748
710 2 _95055
_aInstituto Feijoo de Estudios del Siglo XVIII
852 _aES-MaACL
_cDEPOJ
_jN-9579
_hDonación: Editorial
_xEncuadernación cartoné con sobrecubiertas
_9201032
903 _933329
_aCabrillo, Francisco
942 _n0
_cMONOGRAFIA
999 _c193569
_d193569